Statistics for Blitz 32

Click here to take the quiz!

General Stats

  • This quiz has been taken 5 times
  • The average score is 7 of 23

Answer Stats

HintAnswer% Correct
An investigator who uses clues to solve a mysterydetective
100%
The opposite of "offline" He needed to get ....to finish researching for his project.online
100%
full of description, The ------- paragraph helped the students visualize what it feels like to be hiking at 20,000 feet above sea level.descriptive
67%
a person who has escaped imprisonment or who is on the run from the law, in hidingfugitive
67%
a person born in a specific place or associated with by birth, original inhabitantsnative
67%
to be upbeat; good affirming attribute, opposite of negativepositive
67%
wrap to place over a woundbandage
33%
to pause usually with caution or uncertaintyhesitate
33%
each of two or more words having the same pronunciation but different meaningshomophone
33%
something you take to make you feel better, by prescription or over the countermedicine
33%
bundle or parcelpackage
33%
to fill up with people; to fill in or be present in." Go forth and ____ the earth" was the command to Moses.populate
33%
secret or kept only to yourselfprivate
33%
to cause to stand out by placing a line beneath a word or sentenceunderline
33%
extremely offense or insultingabusive
0%
ready to engage in energetic pursuits; pursuing an activityactive
0%
little house, usually in the woods or by the seacottage
0%
to be certain about something; free of ambiguity, confusion or uncertaintydefinite
0%
very fragiledelicate
0%
having the power to put plans into actionexecutive
0%
costing much money or time, at a great costexpensive
0%
gay and happy usually having to do with a holidayfestive
0%
to live despite some difficulty. to overcome some difficultysurvive
0%

Score Distribution

Percentile by Number Answered

Percent of People with Each Score

Your Score History

You have not taken this quiz